[Event "Como Primavera op-A 2nd"]
[Site "Como"]
[Date "2006.05.05"]
[Round "3"]
[White "Canali, Marco"]
[Black "Emoroso, Claudio"]
[Result "1-0"]
[WhiteElo "1817"]
[BlackElo "1832"]
[PlyCount "89"]
[EventDate "2006.04.21"]
[EventType "swiss"]
[EventRounds "7"]
[EventCountry "ITA"]
[SourceTitle "EXT 2024"]
[Source "ChessBase"]
[SourceDate "2023.10.10"]
[SourceVersion "1"]
[SourceVersionDate "2023.10.10"]
[SourceQuality "1"]

1. e4 e5 2. Nc3 Nc6 3. Bc4 d6 4. d3 Nf6 5. f4 Bg4 6. Nf3 Nd4 7. fxe5 Bxf3 8. gxf3 dxe5 9. Be3 Bc5 10. Bxd4 Bxd4 11. Qd2 c6 12. Ne2 b5 13. Nxd4 Qxd4 14. c3 Qd6 15. Bb3 a5 16. Rg1 g6 17. 0-0-0 a4 18. Bc2 c5 19. f4 Nh5 20. fxe5 Qxe5 21. Rg5 Qc7 22. d4 cxd4 23. Qxd4 0-0 24. Rxh5 Rad8 25. Rd5 Rxd5 26. Qxd5 Qxh2 27. Qxb5 a3 28. b3 Qf4+ 29. Kb1 Qf6 30. e5 Qf3 31. Qd3 Qc6 32. Qh3 Kg7 33. Rd6 Qc5 34. Qd3 Qxe5 35. Qd4 Re8 36. c4 Qxd4 37. Rxd4 Re2 38. c5 Re1+ 39. Bd1 Re5 40. c6 Rc5 41. Rc4 Rd5 42. Bf3 Rd8 43. c7 Rc8 44. b4 f5 45. b5 1-0

[Event "Como Province-ch"]
[Site "Como"]
[Date "2006.02.18"]
[Round "4"]
[White "Emoroso, Claudio"]
[Black "Raineri, Pieroberto"]
[Result "1-0"]
[WhiteElo "1823"]
[BlackElo "1568"]
[PlyCount "77"]
[EventDate "2006.02.11"]
[EventType "swiss"]
[EventRounds "6"]
[EventCountry "ITA"]
[SourceTitle "EXT 2024"]
[Source "ChessBase"]
[SourceDate "2023.10.10"]
[SourceVersion "1"]
[SourceVersionDate "2023.10.10"]
[SourceQuality "1"]

1. e4 c5 2. Nf3 Nc6 3. d4 cxd4 4. Nxd4 Nf6 5. Nxc6 bxc6 6. Bd3 g6 7. 0-0 Bg7 8. Nd2 d5 9. Rb1 Bg4 10. Qe1 Qc7 11. e5 Nd7 12. f4 Nc5 13. Nb3 Nxb3 14. axb3 h5 15. Kh1 e6 16. Bd2 Bf8 17. Ra1 Bc5 18. b4 Bb6 19. c4 dxc4 20. Bxc4 Bf5 21. b5 Kf8 22. Bb4+ c5 23. Bc3 h4 24. h3 Qb7 25. Kh2 Be4 26. Qe2 Bf5 27. Rad1 Qe4 28. Qxe4 Bxe4 29. Rd7 Rd8 30. Rxd8+ Bxd8 31. Ra1 Bb6 32. Be1 Bd5 33. b3 Rg8 34. Bxh4 Kg7 35. Bf6+ Kh6 36. g4 Rc8 37. Rd1 Bxc4 38. bxc4 Rc7 39. g5+ 1-0

[Event "Como Province-ch"]
[Site "Mariano Comense"]
[Date "2005.03.13"]
[Round "5"]
[White "Emoroso, Claudio"]
[Black "Concavo, Daniele"]
[Result "0-1"]
[WhiteElo "1790"]
[BlackElo "1482"]
[PlyCount "74"]
[EventDate "2005.03.05"]
[EventType "swiss"]
[EventRounds "6"]
[EventCountry "ITA"]
[SourceTitle "EXT 2024"]
[Source "ChessBase"]
[SourceDate "2023.10.10"]
[SourceVersion "1"]
[SourceVersionDate "2023.10.10"]
[SourceQuality "1"]

1. e4 c5 2. Nf3 Nc6 3. d4 cxd4 4. Nxd4 Nf6 5. Nc3 e5 6. Nf3 Bb4 7. Bd2 0-0 8. a3 Bc5 9. h3 d5 10. exd5 Nxd5 11. Nxd5 Qxd5 12. b4 Bb6 13. c4 Qe4+ 14. Qe2 Qg6 15. c5 Bc7 16. Be3 e4 17. Nd4 Ne5 18. Qd2 Nd3+ 19. Bxd3 exd3 20. g4 Re8 21. 0-0-0 a5 22. b5 Re5 23. Nf3 Rd5 24. Qc3 Bd7 25. Nd4 Bd6 26. Nf5 Bxf5 27. gxf5 Qxf5 28. Rhg1 Be5 29. Qc4 Rad8 30. Kd2 Qf3 31. Qg4 Qf6 32. Rc1 Bb2 33. Rc4 Bxa3 34. Rb1 Bb4+ 35. Rbxb4 axb4 36. Rxb4 Qa1 37. c6 Qa2+ 0-1

[Event "Como Province-ch"]
[Site "Mariano Comense"]
[Date "2005.03.06"]
[Round "2"]
[White "Viale, Fabio"]
[Black "Emoroso, Claudio"]
[Result "0-1"]
[WhiteElo "1577"]
[BlackElo "1790"]
[PlyCount "90"]
[EventDate "2005.03.05"]
[EventType "swiss"]
[EventRounds "6"]
[EventCountry "ITA"]
[SourceTitle "EXT 2024"]
[Source "ChessBase"]
[SourceDate "2023.10.10"]
[SourceVersion "1"]
[SourceVersionDate "2023.10.10"]
[SourceQuality "1"]

1. d4 d5 2. c4 e6 3. Nc3 Nf6 4. Bg5 Be7 5. e3 Nbd7 6. Nf3 h6 7. Bh4 c6 8. Bg3 Nh5 9. Be2 Nxg3 10. hxg3 Nb6 11. Ne5 Bf6 12. c5 Bxe5 13. dxe5 Nd7 14. Qd4 g6 15. b4 Qg5 16. Qf4 Qxe5 17. Qxe5 Nxe5 18. f4 Nd7 19. Kf2 e5 20. Rae1 e4 21. g4 Kf8 22. g5 Kg7 23. gxh6+ Rxh6 24. Rxh6 Kxh6 25. Rh1+ Kg7 26. g4 b6 27. Rc1 bxc5 28. bxc5 Rb8 29. Na4 Rb4 30. Bd1 Ba6 31. a3 Rb8 32. g5 Bc4 33. Be2 Bxe2 34. Kxe2 Rb3 35. Rc3 Rxc3 36. Nxc3 Nxc5 37. Kd2 Kf8 38. Kc2 Ke7 39. Ne2 Kd6 40. Kc3 Ne6 41. Nd4 Nxd4 42. Kxd4 c5+ 43. Kc3 Kc6 44. Kb3 d4 45. exd4 cxd4 0-1

[Event "Como Province-ch"]
[Site "Mariano Comense"]
[Date "2005.03.05"]
[Round "1"]
[White "Emoroso, Claudio"]
[Black "Perissinotto, Claudio"]
[Result "0-1"]
[WhiteElo "1790"]
[BlackElo "2100"]
[PlyCount "118"]
[EventDate "2005.03.05"]
[EventType "swiss"]
[EventRounds "6"]
[EventCountry "ITA"]
[SourceTitle "EXT 2024"]
[Source "ChessBase"]
[SourceDate "2023.10.10"]
[SourceVersion "1"]
[SourceVersionDate "2023.10.10"]
[SourceQuality "1"]

1. e4 c5 2. Nf3 d6 3. d4 cxd4 4. Nxd4 Nf6 5. Bb5+ Nbd7 6. Nd2 g6 7. c3 Bg7 8. 0-0 0-0 9. Kh1 Nc5 10. f3 Qc7 11. N2b3 e5 12. Ne2 a6 13. Nxc5 Qxc5 14. Bd3 d5 15. Ng3 Be6 16. Qe2 Rfd8 17. Bg5 h6 18. Be3 Qc7 19. Rfd1 dxe4 20. Nxe4 Nd5 21. Bd2 f5 22. Nf2 Rd7 23. Bc4 Rad8 24. Bb3 Kh7 25. Rac1 Qc6 26. Bc2 b5 27. Bb1 Nb6 28. b3 Bd5 29. Be1 Bf6 30. Bd2 Nc8 31. Nd3 e4 32. Ne1 exf3 33. gxf3 Bh4 34. Qe3 Bg5 35. Qf2 Bxd2 36. Rxd2 Bxf3+ 37. Qxf3 Qxf3+ 38. Nxf3 Rxd2 39. Nxd2 Rxd2 40. a4 Kg7 41. axb5 axb5 42. c4 b4 43. c5 Kf6 44. c6 Ke5 45. Bc2 Kd6 46. h4 h5 47. Rd1 Rxd1+ 48. Bxd1 Kxc6 49. Be2 Kd5 50. Bc4+ Ke4 51. Kg2 Nd6 52. Be6 Ke3 53. Bd5 f4 54. Bc6 Nf5 55. Kf1 f3 56. Bb5 Nxh4 57. Be8 Nf5 58. Kg1 Ng3 59. Kh2 f2 0-1

[Event "Como Province-ch"]
[Site "Villa Guardia"]
[Date "2004.03.14"]
[Round "6"]
[White "Rossi, Giampiero"]
[Black "Emoroso, Claudio"]
[Result "1/2-1/2"]
[WhiteElo "2048"]
[BlackElo "1672"]
[PlyCount "92"]
[EventDate "2004.03.06"]
[EventType "swiss"]
[EventRounds "6"]
[EventCountry "ITA"]
[SourceTitle "EXT 2024"]
[Source "ChessBase"]
[SourceDate "2023.10.10"]
[SourceVersion "1"]
[SourceVersionDate "2023.10.10"]
[SourceQuality "1"]

1. d4 d5 2. c4 e6 3. Nc3 Nf6 4. cxd5 exd5 5. Bg5 Be7 6. e3 c6 7. Qc2 Nh5 8. Bxe7 Qxe7 9. Nxd5 Qd6 10. Nc3 Be6 11. Bd3 h6 12. Nge2 Nd7 13. Ng3 Nxg3 14. hxg3 Nb6 15. Ne4 Qb4+ 16. Qc3 Nd5 17. Qxb4 Nxb4 18. Bb1 b6 19. a3 Nd5 20. Ba2 Ke7 21. 0-0 Rac8 22. Rfc1 h5 23. Ng5 h4 24. Nxe6 fxe6 25. Bxd5 exd5 26. gxh4 Rxh4 27. g3 Rh6 28. Kg2 c5 29. Rc3 Kd6 30. Rac1 g5 31. b4 c4 32. e4 b5 33. e5+ Ke6 34. Rh1 Rxh1 35. Kxh1 Rf8 36. Kg2 g4 37. f3 Rxf3 38. Rxf3 gxf3+ 39. Kxf3 Kf5 40. g4+ Kg5 41. Ke3 Kg6 42. Kf4 Kf7 43. g5 Kf8 44. Ke3 Kf7 45. Kf3 Kf8 46. Kf4 Kf7 1/2-1/2

[Event "Como Province-ch"]
[Site "Villa Guardia"]
[Date "2004.03.07"]
[Round "3"]
[White "Emoroso, Claudio"]
[Black "Grassetto, Gilberto"]
[Result "1-0"]
[WhiteElo "1672"]
[BlackElo "1597"]
[PlyCount "69"]
[EventDate "2004.03.06"]
[EventType "swiss"]
[EventRounds "6"]
[EventCountry "ITA"]
[SourceTitle "EXT 2024"]
[Source "ChessBase"]
[SourceDate "2023.10.10"]
[SourceVersion "1"]
[SourceVersionDate "2023.10.10"]
[SourceQuality "1"]

1. e4 c5 2. Nf3 d6 3. Bb5+ Bd7 4. Bxd7+ Qxd7 5. h3 f6 6. d3 e6 7. Nc3 Ne7 8. Bd2 Nbc6 9. a3 Ng6 10. Ne2 Be7 11. b4 b6 12. b5 Nce5 13. Nxe5 Nxe5 14. f4 Ng6 15. a4 0-0 16. 0-0 e5 17. f5 Nh8 18. Ng3 Rfe8 19. c4 Nf7 20. Qg4 Bf8 21. Nh5 Qe7 22. Rf3 a6 23. Rg3 Nh8 24. Rf1 axb5 25. axb5 Ra7 26. Bh6 Rea8 27. Kh2 Rd7 28. Qh4 g5 29. fxg6 Nxg6 30. Nxf6+ Kh8 31. Rxg6 Bxh6 32. Rxh6 Rf8 33. Rxh7+ Qxh7 34. Nxh7 Rxf1 35. Nf6+ 1-0

[Event "ITA-ch Provinciale Como"]
[Site "San Fermo della Battaglia"]
[Date "2003.04.06"]
[Round "6"]
[White "Orsenigo, Davide"]
[Black "Emoroso, Claudio"]
[Result "0-1"]
[WhiteElo "1726"]
[BlackElo "1639"]
[PlyCount "76"]
[EventDate "2003.03.29"]
[EventType "swiss"]
[EventRounds "6"]
[EventCountry "ITA"]
[SourceTitle "EXT 2024"]
[Source "ChessBase"]
[SourceDate "2023.10.10"]
[SourceVersion "1"]
[SourceVersionDate "2023.10.10"]
[SourceQuality "1"]

1. e4 e5 2. Nf3 Nc6 3. d4 exd4 4. Bc4 d6 5. Nxd4 Nxd4 6. Qxd4 Be6 7. Nc3 Nf6 8. 0-0 Be7 9. Bb3 Bxb3 10. axb3 a6 11. Kh1 0-0 12. f4 h6 13. Be3 Qd7 14. Rf3 Rad8 15. Rg1 b6 16. f5 Ng4 17. Nd5 Nxe3 18. Nxe7+ Qxe7 19. f6 Qe6 20. Qxe3 g5 21. Rf5 Kh7 22. h4 gxh4 23. Rgf1 Rg8 24. R1f4 Rg6 25. e5 dxe5 26. Rxe5 Qc6 27. Qe4 Qxe4 28. Rexe4 Rd1+ 29. Kh2 Rd2 30. Re7 Rgxg2+ 31. Kh3 Rh2+ 32. Kg4 Kg6 33. Rxc7 Rhg2+ 34. Kf3 Rg3+ 35. Ke4 Re2+ 36. Kd4 h3 37. Rc8 Kh5 38. Rf1 h2 0-1

[Event "Como Province-ch"]
[Site "Como"]
[Date "1999.02.26"]
[Round "7"]
[White "Emoroso, Claudio"]
[Black "Morlotti, Massimiliano"]
[Result "1/2-1/2"]
[WhiteElo "1576"]
[BlackElo "1711"]
[PlyCount "65"]
[EventDate "1999.01.15"]
[EventType "swiss"]
[EventRounds "8"]
[EventCountry "ITA"]
[SourceTitle "EXT 2023"]
[Source "ChessBase"]
[SourceDate "2022.10.05"]
[SourceVersion "1"]
[SourceVersionDate "2022.10.05"]
[SourceQuality "1"]

1. e4 e5 2. Nf3 f5 3. Nxe5 Qf6 4. d4 d6 5. Nc4 fxe4 6. Be2 d5 7. Ne3 Be6 8. c3 Bd6 9. Qb3 Ne7 10. Bg4 0-0 11. Bxe6+ Qxe6 12. Qxb7 Nbc6 13. Qa6 Qf7 14. Qe2 Ng6 15. g3 Rae8 16. Nd2 Nd8 17. b3 c6 18. a4 Ne6 19. Ba3 Bxa3 20. Rxa3 Ngf4 21. gxf4 Nxf4 22. Qf1 Nd3+ 23. Ke2 Qe7 24. Ra1 Rxf2+ 25. Qxf2 Nxf2 26. Kxf2 Rf8+ 27. Ke2 Qh4 28. Raf1 Qh5+ 29. Ke1 Rxf1+ 30. Kxf1 Qh3+ 31. Ke2 Qh5+ 32. Ke1 Qh3 33. Ke2 1/2-1/2